Представление документа в формате RUSMARC

ПолеНазваниеЗначение
  Тип записи a
  Библиографический уровень c
001 Контрольный номер 4c7f74effc3b4d38af27ded4e8c5cc7b
005 Дата корректировки 20201206205146.0
010 Индекс ISBN __
a ISBN 978-5-904065-20-1 (в пер.)
d Цена 447-33; 541-00, 1000 экз.
100 Данные общей обработки __
a Данные общей обработки 19181005d2017||||||| 0rusy0189 ca
101 Язык документа 0_
a Язык текста rus
102 Страна публикации __
a Страна публикации ru|
102 Страна публикации __
a Страна публикации ru
105 Кодированные данные (монография) __
a Кодированные данные (монография) |||a||||000zy
200 Заглавие и сведения об ответственности 1_
a Заглавие Сказки
f Первые сведения об ответственности Евгений Замятин ; [автор послесловия Рада Ландарь ; художник Петр Перевезенцев]
b Общее обозначение материала Текст
210 Выходные данные __
a Место издания Москва
c Издательство Август
d Дата издания 2017
215 Физическое описание __
a Объем 87 с.
c Иллюстрации/тип воспроизводства ил.
d Формат 17 см
225 Серия __
a Серия Серия "Книги для самых больших"
327 Примечание о содержании __
a Примечание о содержании Бог
327 Примечание о содержании __
a Примечание о содержании Дьячок
327 Примечание о содержании __
a Примечание о содержании Ангел Дормидон
327 Примечание о содержании __
a Примечание о содержании Электричество
327 Примечание о содержании __
a Примечание о содержании Картинки
327 Примечание о содержании __
a Примечание о содержании Дрянь - мальчишка
327 Примечание о содержании __
a Примечание о содержании Иваны
327 Примечание о содержании __
a Примечание о содержании Хряпало
327 Примечание о содержании __
a Примечание о содержании Халдей
327 Примечание о содержании __
a Примечание о содержании Церковь Божия
327 Примечание о содержании __
a Примечание о содержании Бяка и Кака
327 Примечание о содержании __
a Примечание о содержании Огненное А
327 Примечание о содержании __
a Примечание о содержании Первая сказка про Фиту
327 Примечание о содержании __
a Примечание о содержании Вторая сказка про Фиту
327 Примечание о содержании __
a Примечание о содержании Третья сказка про Фиту
327 Примечание о содержании __
a Примечание о содержании Последняя сказка про Фиту
330 Аннотация __
a Аннотация Евгений Иванович Замятин (1884-1937) - писатель по призванию, неподражаемый стилист, инженер по профессии, англоман, строитель ледоколов на верфях Ньюкасла, Глазго, и Сандерленда, автор всемирно известного романа "Мы". Написанные ровно сто лет назад сказки не так известны. Радостно встретив революцию, Замятин почти сразу разглядел в ней ростки тоталитаризма. По его мнению, самые передовые идеи не могут привести к процветанию общество, в котором не изжито рабское сознание и вирус мракобесия.
333 Примечание о целевом назначении __
a Примечание о целевом назначении 16+. Для детей старше 16 лет
600 Персоналии __
a Персоналии (Фамилия) Евгений, Е. И.
c Дополнение к имени писатель русский
f Даты 1884-1937
g Полное имя Евгений Иванович
606 Тематические рубрики __
a Основная рубрика Художественная литература
606 Тематические рубрики __
a Основная рубрика Русская литература XX в. (произведения)
610 Ключевые слова __
a Ключевые слова иронические сказки
a Ключевые слова персоналии
a Ключевые слова проза
a Ключевые слова сказки
a Ключевые слова сказки для взрослых
a Ключевые слова творческие биографии
a Ключевые слова тема быта
a Ключевые слова тема людей
686 Индексы других классификаций __
2 Код системы rubbks
a Классификационный индекс 84(2=411.2)6-4; ст84(2Рос=Рус)6-4
700 Автор _1
a Фамилия Замятин
b Имя Е. И.
f Даты 1884-1937
g Полное личное имя Евгений Иванович
4 Код отношения 070
702 Вторичная интеллектуальная ответственность _1
a Фамилия Перевезенцев
b Имя П. Ю.
4 Код отношения Художник
f Даты 1962-
g Полное личное имя Петр Юльевич
4 Код отношения 040
702 Вторичная интеллектуальная ответственность _1
a Фамилия Ландарь
b Имя Р.
4 Код отношения Автор предисловия и т.д.
4 Код отношения 080
801 Источник записи _0
a Страна ru
b Организация Муниципальное бюджетное учреждение культуры "Централизованная библиотечная система" г. Сургут (Центральная городская библиотека им. А. С. Пушкина)
c Дата составления 20181005
g Правила каталогизации rpk
801 Источник записи _1
a Страна ru
b Организация Муниципальное бюджетное учреждение культуры "Централизованная библиотечная система" г. Сургут (Центральная городская библиотека им. А. С. Пушкина)
c Дата составления 20181005
g Правила каталогизации rpk
852 Данные о местонахождении __
j Шифр хранения 84(2=411.2)6-4
i Авторский знак З-26
901 Тип документа __
t Тип документа x
a Ответственный КиК/Мамарузиева
903 Характеристики (МАРС) __
a Дата передачи 20181005
990 Данные о заказе (DOS) __
j Количество экземпляров (DOS) 11
t N записи в КСУ для И/У (DOS) 201810